Niche tourism : Contemporary issues, trends and cases
Αποθηκεύτηκε σε:
| Κύριος συγγραφέας: | |
|---|---|
| Μορφή: | Βιβλίο |
| Γλώσσα: | Undetermined |
| Έκδοση: |
Amsterdam
Elsevier
2005
|
| Θέματα: | |
| Ετικέτες: |
Προσθήκη ετικέτας
Δεν υπάρχουν, Καταχωρήστε ετικέτα πρώτοι!
|
| Thư viện lưu trữ: | Trung tâm Học liệu Trường Đại học Cần Thơ |
|---|
| LEADER | 00516nam a2200205Ia 4500 | ||
|---|---|---|---|
| 001 | CTU_94690 | ||
| 008 | 210402s9999 xx 000 0 und d | ||
| 020 | |c 44.05 | ||
| 082 | |a 338.4 | ||
| 082 | |b N938 | ||
| 100 | |a Novelli, Marina | ||
| 245 | 0 | |a Niche tourism : | |
| 245 | 0 | |b Contemporary issues, trends and cases | |
| 245 | 0 | |c Marina Novelli | |
| 260 | |a Amsterdam | ||
| 260 | |b Elsevier | ||
| 260 | |c 2005 | ||
| 650 | |a Tourism | ||
| 904 | |i Năm | ||
| 980 | |a Trung tâm Học liệu Trường Đại học Cần Thơ | ||